| 000 | 03104nam a2200433 a 4500 | ||
|---|---|---|---|
| 005 | 2009121005105.0 | ||
| 008 | 031230s2005 nyuab c 000 1 eng | ||
| 010 | _aB-386342-352 | ||
| 020 |
_a9780060577339 _c263.00 |
||
| 035 | _aB-386342-352 | ||
| 037 | _bBlueberry Books | ||
| 040 |
_adpl _bEnglish |
||
| 082 | _aS | ||
| 100 | _aSage, Angie | ||
| 245 |
_aMagyk / _cby Angie Sage ; illustrated by Mark Zug |
||
| 260 |
_aNew York _bKatherine Tegen Books _c2005 |
||
| 270 |
_a53rd Street, _bNew York _e10022 |
||
| 300 |
_a564 16,16p. : _bill. _c19cm(pbk) |
||
| 490 |
_aSeptimus Heap ; _vbook. 1 |
||
| 520 | _aAfter learning that she is the Princess, Jenna is whisked from her home and carried toward safety by the Extraordinary Wizard, those she always believed were her father and brother, and a young guard known only as Boy 412--pursued by agents of those who killed her mother ten years earlier. | ||
| 650 |
_aPrincesses _vFiction. |
||
| 650 |
_aWizards _vFiction. |
||
| 650 |
_aMagic _vFiction. |
||
| 650 | _aFantasy. | ||
| 700 | _aZug, Mark, | ||
| 942 |
_2ddc _cCH _hS _mSAG |
||
| 999 |
_c32445 _d32445 |
||